[Event "Challenge"]
[Site "http://www.queenalice.com/game.php?id=1057313"]
[Date "2012.5.7"]
[Round "-"]
[White "roli68"]
[Black "Modde"]
[Result "0-1"]
[WhiteElo "1396"]
[BlackElo "1442"]

1. e4 c5 2. d4 cxd4 3. Qxd4 Nc6 4. Qe3 e5 5. Nh3 b6 6. Na3 Bb7 7. Bc4 Bc5 8. Qf3
Nh6 9. Ng5 Qe7 10. Bd2 Nd4 11. Qc3 f6 12. Nf3 Bxe4 13. O-O-O d5 14. Bb5+ Kf7 15.
b4 a6 16. bxc5 axb5 17. Qb4 Ra4 18. Qb2 Qxc5 19. Rde1 Qxa3 20. Re3 Qxb2+ 21.
Kxb2 Nxc2 22. Rc1 Nxe3 23. fxe3 Nf5 24. Rc7+ Kg6 25. Kb3 Rha8 26. h4 Rxa2 27.
Rc6 Bxf3 28. gxf3 Rxd2 29. e4 Nd4+ 30. Kc3 Nxf3 31. Rxb6 dxe4 32. Rxb5 e3 33.
Rb1 Rc8+ 34. Kb3 Rb8+ 35. Ka3 Rxb1 36. Ka4 Ra2# 0-1

[Event "Challenge"]
[Site "http://www.queenalice.com/game.php?id=1060518"]
[Date "2012.5.16"]
[Round "-"]
[White "Daniel49"]
[Black "Modde"]
[Result "0-1"]
[WhiteElo "1289"]
[BlackElo "1456"]

1. e4 c5 2. c4 d6 3. g3 Nc6 4. Qf3 Nf6 5. Be2 g6 6. d3 Bg7 7. Nh3 Bxh3 8. Be3
Ng4 9. Bf4 Bxb2 10. e5 Ncxe5 11. Qxb7 Bxa1 12. f3 Rb8 13. Qd5 Rxb1+ 14. Kd2 Rxh1
15. Be3 Nf6 16. f4 Nxd5 17. cxd5 Ng4 18. a3 Qa5+ 19. Kc2 Nxe3+ 20. Kb3 O-O 21.
d4 cxd4 22. Bf3 Rxh2 23. g4 Rb8# 0-1

[Event "Challenge"]
[Site "http://www.queenalice.com/game.php?id=1061227"]
[Date "2012.5.18"]
[Round "-"]
[White "teferi"]
[Black "Modde"]
[Result "0-1"]
[WhiteElo "1424"]
[BlackElo "1465"]

1. Nf3 d5 2. d4 Nf6 3. e3 Nc6 4. b3 Bf5 5. c4 e6 6. g3 Nb4 7. Na3 Be7 8. Bd2
Nd3+ 9. Bxd3 Bxd3 10. Nc2 dxc4 11. bxc4 Bxc4 12. Ne5 Qd5 13. Qf3 Qxf3 14. Nxf3
Bd5 15. O-O Bxf3 16. Bb4 Nd5 17. Bxe7 Nc3 18. Rae1 Kxe7 19. Nb4 Ne2+ 20. Rxe2
Bxe2 21. Rc1 Rac8 22. d5 Rhd8 23. dxe6 Kxe6 24. f4 c5 25. Re1 Bd3 26. Nxd3 Rxd3
27. e4 c4 28. f5+ Ke5 29. g4 c3 30. Kf2 Kd4 31. Ke2 c2 32. Rc1 Kc3 33. e5 Rd2+
34. Ke1 Re8 35. e6 fxe6 36. f6 gxf6 37. h3 e5 38. h4 e4 39. g5 fxg5 40. hxg5 e3
41. a3 Kb2 42. Rxc2+ Kxc2 0-1

[Event "AUTO-BEG-529"]
[Site "http://www.queenalice.com/game.php?id=1067104"]
[Date "2012.6.2"]
[Round "2"]
[White "flmendel"]
[Black "Modde"]
[Result "0-1"]
[WhiteElo "1485"]
[BlackElo "1593"]

1. d4 c5 2. e4 cxd4 3. Qxd4 Nc6 4. Qd1 e5 5. Nf3 Nf6 6. Bg5 Qb6 7. Nc3 Qxb2 8.
Nd5 Nxd5 9. exd5 Qc3+ 10. Nd2 Nd4 11. Bc4 Nxc2+ 12. Kf1 Nxa1 13. Qe2 Bc5 14. Nf3
d6 15. g3 Bh3+ 0-1

[Event "AUTO-BEG-529"]
[Site "http://www.queenalice.com/game.php?id=1067105"]
[Date "2012.6.2"]
[Round "2"]
[White "Modde"]
[Black "flmendel"]
[Result "1-0"]
[WhiteElo "1571"]
[BlackElo "1521"]

1. e4 d5 2. exd5 Qxd5 3. Nc3 Qe5+ 4. Be2 Bg4 5. h3 Bxe2 6. Ngxe2 b5 7. d4 Qf5 8.
Ng3 Qd7 9. O-O b4 10. Nce4 Qd5 11. Qf3 Qxd4 12. Be3 Qxb2 13. Nd6+ cxd6 14. Qxa8
e6 15. Qxb8+ Ke7 16. Qxa7+ 1-0

[Event "BAIXADO E  TRAVADO III"]
[Site "http://www.queenalice.com/game.php?id=1069087"]
[Date "2012.6.7"]
[Round "-"]
[White "rogeriooliveira"]
[Black "Modde"]
[Result "0-1"]
[WhiteElo "1325"]
[BlackElo "1509"]

1. e4 c5 2. d4 cxd4 3. Qxd4 Nc6 4. Qd5 Nf6 5. Nc3 Nxd5 6. exd5 Nb4 7. Bd3 e6 8.
dxe6 dxe6 9. a3 Nxd3+ 10. cxd3 b6 11. Nf3 Bb7 12. O-O Rc8 13. Rd1 Qf6 14. Bg5
Qg6 15. d4 Bxf3 16. gxf3 Qxg5+ 17. Kf1 Be7 18. Re1 O-O 19. Ke2 Qg2 20. h3 Qxh3
21. Rad1 Qf5 22. Rd3 a5 23. Re3 Qc2+ 24. Kf1 Qxb2 25. Na4 Qxd4 26. Re4 Qd3+ 27.
Kg2 Bc5 28. Nb2 Qxa3 29. Nc4 Qa2 30. Nd6 Qxf2+ 31. Kh3 Qxf3+ 32. Kh2 Bxd6+ 33.
Kg1 Qg3+ 34. Kf1 Bc5 35. R4e2 Qg1# 0-1

[Event "Challenge"]
[Site "http://www.queenalice.com/game.php?id=1073385"]
[Date "2012.6.18"]
[Round "-"]
[White "tio_revas"]
[Black "Modde"]
[Result "0-1"]
[WhiteElo "1539"]
[BlackElo "1600"]

1. e4 c5 2. Nf3 d6 3. Bd3 Nc6 4. O-O e5 5. Nc3 Nf6 6. b3 b6 7. Bb5 Bb7 8. h3 Be7
9. Ng5 O-O 10. Nd5 Nxd5 11. exd5 Nd4 12. c3 Nxb5 13. Qc2 Bxg5 14. d3 Qf6 15.
Bxg5 Qxg5 16. c4 Nd4 17. Qc3 Ne2+ 18. Kh2 Nxc3 19. a4 Rae8 20. d4 exd4 21. g3 f5
22. Rae1 f4 23. Rxe8 Rxe8 24. Rg1 Ne2 25. g4 f3 26. a5 Nxg1 27. Kxg1 Re1+ 0-1

[Event "Challenge"]
[Site "http://www.queenalice.com/game.php?id=1073386"]
[Date "2012.6.18"]
[Round "-"]
[White "Modde"]
[Black "tio_revas"]
[Result "1-0"]
[WhiteElo "1543"]
[BlackElo "1549"]

1. e4 d5 2. exd5 Nf6 3. d4 Nxd5 4. Nf3 f6 5. c4 Nb6 6. c5 Nd5 7. Nc3 Nxc3 8.
bxc3 Bg4 9. Rb1 Nc6 10. Rxb7 Qc8 11. Rb1 Rb8 12. Bb5 Qe6+ 13. Be3 g6 14. O-O Qe4
15. Bxc6+ Kd8 16. Bxe4 f5 17. Rxb8+ 1-0

[Event "Treino"]
[Site "http://www.queenalice.com/game.php?id=1074142"]
[Date "2012.6.20"]
[Round "-"]
[White "Modde"]
[Black "MrMarks"]
[Result "1-0"]
[WhiteElo "1496"]
[BlackElo "1426"]

1. e4 d5 2. exd5 Qxd5 3. Nc3 Qd4 4. Nf3 Qc5 5. d4 Qd6 6. Nb5 Qd7 7. Bf4 Na6 8.
Bc4 c6 9. Ne5 Qf5 10. Qf3 Qxc2 11. b3 Qb2 12. O-O e6 13. Nxf7 Kxf7 14. Bc1+ Nf6
15. Bxb2 cxb5 16. Bxb5 Nb4 17. Rac1 Nxa2 18. Rxc8 Rxc8 19. Qxb7+ Be7 20. Ba3 Nd5
21. Bc4 Rc7 22. Qa6 Nac3 23. Re1 Bxa3 24. Qxe6+ Kf8 25. Qe8# 1-0

[Event "Challenge"]
[Site "http://www.queenalice.com/game.php?id=1076802"]
[Date "2012.6.27"]
[Round "-"]
[White "lincolnmarley"]
[Black "Modde"]
[Result "0-1"]
[WhiteElo "1462"]
[BlackElo "1559"]

1. e4 c5 2. Nf3 d6 3. d4 cxd4 4. Nxd4 Nf6 5. Nc3 a6 6. Be3 Ng4 7. Bd2 Qb6 8. Be2
Nxf2 9. Kxf2 Qxd4+ 10. Be3 Qf6+ 11. Bf3 Nc6 12. Rf1 e6 13. Kg1 Qe5 14. Qd2 Be7
15. Bf4 Qf6 16. Bxd6 Bxd6 17. Qxd6 Qd4+ 18. Qxd4 Nxd4 19. Rac1 O-O 20. Ne2 e5
21. Nxd4 exd4 22. Rcd1 Rd8 23. c3 d3 24. Be2 d2 25. Bc4 Bg4 26. Bxf7+ Kh8 27.
Bb3 Bxd1 0-1

[Event "Revanche"]
[Site "http://www.queenalice.com/game.php?id=1079395"]
[Date "2012.7.5"]
[Round "-"]
[White "MrMarks"]
[Black "Modde"]
[Result "1-0"]
[WhiteElo "1503"]
[BlackElo "1614"]

1. e4 c5 2. d4 cxd4 3. Qxd4 Nc6 4. Qe3 e5 5. Bb5 Nf6 6. Nc3 Bb4 7. Bd2 O-O 8.
O-O-O d6 9. Nd5 Be6 10. Nxb4 Nxb4 11. Bxb4 Rc8 12. Qxa7 Nxe4 13. Be1 Qg5+ 14.
Bd2 Qxg2 15. Ne2 Nxf2 16. Rhg1 Qf3 17. Rdf1 Ra8 18. Qxf2 Qd5 19. Nc3 Qd4 20. Bh6
Bg4 21. Be3 1-0

[Event "AUTO-BEG-531"]
[Site "http://www.queenalice.com/game.php?id=1082223"]
[Date "2012.7.13"]
[Round "2"]
[White "Modde"]
[Black "jhwickboldt"]
[Result "1-0"]
[WhiteElo "1605"]
[BlackElo "1706"]

1. e4 e5 2. f4 Nc6 3. Nf3 exf4 4. Nc3 g5 5. h4 g4 6. Ng5 d6 7. Nxf7 Kxf7 8. Bc4+
Ke8 9. d4 Bh6 10. Nd5 Be6 11. Be2 Nf6 12. Nxf4 Bxf4 13. Bxf4 d5 14. e5 Ne4 15.
Bxg4 Bxg4 16. Qxg4 Nxd4 17. e6 Nxc2+ 18. Ke2 Nf6 19. Qg7 Rg8 20. Qf7# 1-0

[Event "AUTO-BEG-531"]
[Site "http://www.queenalice.com/game.php?id=1082224"]
[Date "2012.7.13"]
[Round "2"]
[White "jhwickboldt"]
[Black "Modde"]
[Result "1-0"]
[WhiteElo "1705"]
[BlackElo "1625"]

1. e4 c5 2. c4 d6 3. d3 Nc6 4. a3 a5 5. Nf3 Nf6 6. Be2 e5 7. Nc3 Be7 8. O-O O-O
9. Rb1 Be6 10. a4 Qd7 11. Bg5 b6 12. Bxf6 Bxf6 13. Qd2 Bg4 14. Nd5 Bxf3 15.
Nxf6+ gxf6 16. Bxf3 1-0

[Event "AUTO-BEG-533"]
[Site "http://www.queenalice.com/game.php?id=1088753"]
[Date "2012.7.30"]
[Round "2"]
[White "Modde"]
[Black "Philchess"]
[Result "1-0"]
[WhiteElo "1599"]
[BlackElo "1514"]

1. d4 d5 2. c4 c6 3. Nc3 dxc4 4. e3 Nf6 5. Nf3 Bg4 6. Bxc4 e6 7. e4 Bb4 8. Bg5
Bxc3+ 9. bxc3 h6 10. Be3 O-O 11. O-O Nbd7 12. Rb1 b5 13. Bd3 Bxf3 14. Qxf3 e5
15. Rfc1 a6 16. Qg3 g5 17. dxe5 Nh5 18. Qh3 Nxe5 19. Be2 Nf6 20. Qxh6 Nh7 21.
Bd4 f6 22. Rd1 Qe7 23. Bxe5 fxe5 24. Bg4 Rf6 25. Qh3 Raf8 26. Rd7 Qxd7 27. Bxd7
c5 28. c4 bxc4 29. Rb7 Kg7 30. Bf5+ R8f7 31. Rb8 Rxf5 32. exf5 c3 33. Qxc3 Rxf5
34. Qxc5 Kg6 35. Qd6+ Rf6 36. Qxe5 Nf8 37. Qe4+ Kh6 38. g4 Ne6 39. Rh8+ Kg7 40.
Qh7# 1-0

[Event "AUTO-BEG-533"]
[Site "http://www.queenalice.com/game.php?id=1088754"]
[Date "2012.7.30"]
[Round "2"]
[White "Philchess"]
[Black "Modde"]
[Result "0-1"]
[WhiteElo "1561"]
[BlackElo "1584"]

1. e4 c5 2. c4 d6 3. Nc3 Nc6 4. d3 Nf6 5. Bg5 e5 6. Nf3 Be7 7. Be2 O-O 8. O-O a6
9. a3 Be6 10. Bxf6 Bxf6 11. Qd2 Nd4 12. Nxd4 exd4 13. Nd1 Bg5 14. Qe1 Qb6 15. b4
Rae8 16. f3 Qd8 17. bxc5 dxc5 18. g3 Bh3 19. Rf2 Be3 20. Nxe3 dxe3 21. Rf1 Bxf1
22. Qxf1 Qa5 23. Kg2 Qc3 24. f4 f5 25. e5 Re6 26. Kf3 g5 27. Kxe3 g4 28. h3 gxh3
29. Qh1 Rh6 30. Qh2 Qxa1 31. g4 Qd4+ 32. Kf3 fxg4+ 33. Kxg4 Qd7+ 34. Kg3 Qf5 35.
Bg4 Qxf4# 0-1

[Event "AUTO-BEG-533"]
[Site "http://www.queenalice.com/game.php?id=1088755"]
[Date "2012.7.30"]
[Round "2"]
[White "Modde"]
[Black "jhwickboldt"]
[Result "0-1"]
[WhiteElo "1594"]
[BlackElo "1745"]

1. d4 d5 2. c4 e6 3. Nc3 Bb4 4. Nf3 Bxc3+ 5. bxc3 Ne7 6. cxd5 exd5 7. Bf4 O-O 8.
e3 Ng6 9. Bd3 Nxf4 10. exf4 Bg4 11. O-O Nd7 12. h3 Bh5 13. g4 Bg6 14. f5 Bxf5
15. Bxf5 Nb6 16. Rb1 Qd6 0-1